000 00559nam a2200217 a 4500
999 _c1672
_d1672
001 1672
003 BD-JhCC
005 20180205123442.0
008 171023s2004 bg a|||| ||a| 000 0 eng d
020 _a9841105619
035 _a(BD-JhCC)1672
040 _aBD-JhCC
_dBD-JhCC
041 _aeng
082 _a966.4
_bWAL 2004
100 _aWaliullah, Lt. Col.
245 _aAs I See Sierra Leone /
_cLt. Col. Waliullah
260 _aDhaka :
_bAhmed Publishing House,
_c2004.
300 _a61 p. :
_bill. ;
_c21 cm.
651 _aSierra Leone
942 _2ddc
_cBK